<?xml version="1.0" encoding="UTF-8"?>
<collection xmlns="http://www.loc.gov/MARC21/slim">
<record>
  <controlfield tag="001">6963</controlfield>
  <controlfield tag="005">20240415135615.0</controlfield>
  <datafield tag="037" ind1=" " ind2=" ">
    <subfield code="a">CTALK-2024-0112</subfield>
  </datafield>
  <datafield tag="100" ind1=" " ind2=" ">
    <subfield code="a">Vanden Broeck, Grégory</subfield>
  </datafield>
  <datafield tag="245" ind1=" " ind2=" ">
    <subfield code="a">Comparison of the magnetic structures in full-disk solar Ca II K images and Sun-as-a-star S-Index</subfield>
  </datafield>
  <datafield tag="260" ind1=" " ind2=" ">
    <subfield code="c">2023</subfield>
  </datafield>
  <datafield tag="269" ind1=" " ind2=" ">
    <subfield code="c">2023-07-13</subfield>
  </datafield>
  <datafield tag="520" ind1=" " ind2=" ">
    <subfield code="a">The chromospheric emission in the Ca II K line is a primary tracer of magnetic activity in the Sun and other Sun-like stars. Our goal is to study the long-term brightness variation of the chromosphere in this line, taking into account the different chromospheric structures (plages, network, sunspots). Those structures are the main contributors to the variability of the solar irradiance, which plays a important role in the chemistry of the Earth atmosphere. For this, we exploit the archives of synoptic full-disc images taken at the Royal Observatory of Belgium with the Uccle Solar Equatorial Table (USET). Ca II K images were recorded since 2012, allowing us to study the second half of the cycle 24 and the beginning of the cycle 25. We first describe the methods to determine the area fraction covered by bright plages, based on the USET images. In a Sun-as-a-star approach, we then compare our results with the S-index data from the TIGRE telescope, located in Guanajuato, Mexico, observing the integrated solar spectrum reflected by the Moon. The S-index measures the magnetic activity in stars and is calculated as the ratio of the flux in two spectral lines, Ca II H and K, which are sensitive to magnetic activity in stars. Our solar Ca II K images can thus serve as a "Rosetta stone" to study the similar mechanisms acting in other sun-like stars.</subfield>
  </datafield>
  <datafield tag="594" ind1=" " ind2=" ">
    <subfield code="a">NO</subfield>
  </datafield>
  <datafield tag="653" ind1="1" ind2=" ">
    <subfield code="a">Sun: activity</subfield>
  </datafield>
  <datafield tag="653" ind1="1" ind2=" ">
    <subfield code="a">Sun: chromosphere</subfield>
  </datafield>
  <datafield tag="653" ind1="1" ind2=" ">
    <subfield code="a">Sun: plages</subfield>
  </datafield>
  <datafield tag="653" ind1="1" ind2=" ">
    <subfield code="a">Sun: Sun-as-a-star</subfield>
  </datafield>
  <datafield tag="653" ind1="1" ind2=" ">
    <subfield code="a">Sun: rotation period</subfield>
  </datafield>
  <datafield tag="653" ind1="1" ind2=" ">
    <subfield code="a">Star: S-Index</subfield>
  </datafield>
  <datafield tag="700" ind1=" " ind2=" ">
    <subfield code="a">Bechet, Sabrina</subfield>
  </datafield>
  <datafield tag="700" ind1=" " ind2=" ">
    <subfield code="a">Rauw, Gregor</subfield>
  </datafield>
  <datafield tag="700" ind1=" " ind2=" ">
    <subfield code="a">Clette, Frédéric</subfield>
  </datafield>
  <datafield tag="773" ind1=" " ind2=" ">
    <subfield code="t">International Union of Geodesy and Geophysics, Berlin, Germany</subfield>
  </datafield>
  <datafield tag="856" ind1="0" ind2=" ">
    <subfield code="f">gregory.vandenbroeck@ksb-orb.be</subfield>
  </datafield>
  <datafield tag="856" ind1="4" ind2=" ">
    <subfield code="s">15299549</subfield>
    <subfield code="u">http://publi2-as.oma.be/record/6963/files/IUGG2023_VandenBroeck_Gregory.pptx</subfield>
    <subfield code="y">Powerpoint of the oral presentation</subfield>
  </datafield>
  <datafield tag="906" ind1=" " ind2=" ">
    <subfield code="a">Contributed</subfield>
  </datafield>
  <datafield tag="980" ind1=" " ind2=" ">
    <subfield code="a">CTALKCONT</subfield>
  </datafield>
</record>
</collection>